Score 0/18 Timer 01:30
0 Plays Today
% Correct
Silent Night
97%
Wrapping Paper
96.7%
Away in a Manger
96.4%
Blitzen
96.3%
Star
96.3%
Baby Jesus
96.2%
Joseph
96.1%
Mary
96.1%
The First Noel
96%
% Correct
Lights
95.9%
Gift Tags
95.6%
Vixen
95.5%
Comet
95.2%
Gold
94.7%
Myrrh
94.4%
Tinsel
94.1%
Sellotape
93.3%
Frankincense
92.7%
Remove Ads.
Support Sporcle.
Get the best of Sporcle when you Go Orange. This ad-free experience offers more features, more stats, and more fun while also helping to support Sporcle. Thank you for becoming a member.

You're not logged in!

Compare scores with friends on all Sporcle quizzes.
OR
Log In

Sporcle TV

Today on Sporcle TV


Watch our educational content, quiz creation guides, and fun videos on Sporcle TV.

Show Comments

Extras

Top Quizzes Today


Score Distribution

Paid Content

Your Account Isn't Verified!

In order to create a playlist on Sporcle, you need to verify the email address you used during registration. Go to your Sporcle Settings to finish the process.

Report this User

Report this user for behavior that violates our Community Guidelines.

Details: